00681nam a2200217Ia 4500003000400000005001700004008004100021040000700062041000800069082002100077100003100098245002800129260004100157365000800198650003900206650002400245906002900269942001200298999001900310952013400329OSt20230518151703.0210423s1955 xx 000 0 und d cAL aeng a361.3 223bGOVS aNEHRU (Jawaharlal)9108654 aSocial welfare in india aNew DelhibGovernment Of Indiac1955 cINR aSocial Problems & Services9108655 aSocial Work9108656 aindia ; Social ; welfare 2ddccBK c172429d172429 001040708MSWaSACPGbSACPGd2002-01-07eIntel Book Distributersl0o361.3 GOVSpPG018976r2022-08-24 00:00:00w2021-04-26yREF